| 000 | 00775nam a22001937a 4500 | ||
|---|---|---|---|
| 999 |
_c176102 _d176102 |
||
| 005 | 20201109120454.0 | ||
| 010 | _aUR-10922 | ||
| 020 |
_c500.00 _a9789389733105 |
||
| 035 | _aU-9477 | ||
| 037 | _bDBAD/PUB | ||
| 082 | _a840.8 | ||
| 100 | _aمر تبہ:مشر ف عا لم ذ و قی | ||
| 245 |
_aنند کشو ر و کر م مشتر کہ و ر ا ثت کا آ خر ی د ا ستا ن گو _cمر تبہ:مشر ف عا لم ذ و قی |
||
| 246 |
_bNand Kishor Vikram (Urdu) _aEdited by Musharraf Alam Zauqi |
||
| 260 |
_aN.Delhi _bEducational Publishing House _c2019 ء |
||
| 270 |
_aH.O.D1/16,Ansari Road,Darya ganj, _bN.Delhi _e110002 _k45678285,23216162 _l0091-11-23211540 |
||
| 300 |
_a480 ص _c22 Cm(Hb) |
||
| 942 |
_2ddc _cUR _h840.8 _mن ن د |
||